| 000 | 00000nam 2200000zi 4500 |
| 001 | 9.920829 |
| 003 | CaOODSP |
| 005 | 20230505134253 |
| 006 | m o d f |
| 007 | cr cn||||||||| |
| 008 | 230310t20232023onc o f000 0 fre d |
| 020 | |a9780660479811|q(rapport) |
| 020 | |a9780660479828|q(sommaire) |
| 040 | |aCaOODSP|bfre|erda|cCaOODSP |
| 043 | |an-cn--- |
| 086 | 1 |aBC92-110/1-2023F-PDF |
| 086 | 1 |aBC92-110/2-2023F-PDF |
| 245 | 00|aRecherche sur les services de télécommunications dans le nord du Canada : |brapport final. |
| 264 | 1|aOttawa (Ontario) : |bConseil de la radiodiffusion et des télécommunications canadiennes = Canadian Radio-television and Telecommunications Commission, |c2023. |
| 264 | 4|c©2023 |
| 300 | |a1 ressource en ligne (vii, 47 pages) + |esommaire (vii pages) |
| 336 | |atexte|btxt|2rdacontent/fre |
| 337 | |ainformatique|bc|2rdamedia/fre |
| 338 | |aressource en ligne|bcr|2rdacarrier/fre |
| 500 | |aTitre de la couverture. |
| 500 | |aPublié aussi en anglais sous le titre : Research on telecommunications services in northern Canada: final report. |
| 500 | |a« Numéro de contrat : W2240356. » |
| 500 | |a« Numéro d’enregistrement : POR 044-22. » |
| 650 | 6|aInternet|zCanada (Nord)|xOpinion publique. |
| 650 | 6|aTéléphone|zCanada (Nord)|xOpinion publique. |
| 650 | 6|aTélévision|zCanada (Nord)|xOpinion publique. |
| 650 | 6|aRadio|zCanada (Nord)|xOpinion publique. |
| 650 | 6|aOpinion publique|zCanada (Nord) |
| 710 | 2 |aConseil de la radiodiffusion et des télécommunications canadiennes, |eorganisme de publication. |
| 710 | 2 |aEnvironics Research Group, |econsultant. |
| 775 | 08|tResearch on telecommunications services in northern Canada : |w(CaOODSP)9.920827 |
| 795 | |tRecherche sur les services de télécommunication dans le nord canadien.|w(CaOODSP)9.892780 |
| 856 | 40|qPDF|s355 Mo|uhttps://publications.gc.ca/collections/collection_2023/crtc/BC92-110-1-2023-fra.pdf|zRapport final |
| 856 | 40|qPDF|s385 Ko|uhttps://publications.gc.ca/collections/collection_2023/crtc/BC92-110-2-2023-fra.pdf|zSommaire |